La cultura como construcción social : animación, desarrollo comunitario y patrimonio /

Detalles Bibliográficos
Autor principal: Caride Gómez, José Antonio
Formato: Libro
Lenguaje:inglés
Materias:

MARC

LEADER 00000cam a2200000 a 4500
001 025203
003 UAHC_CL
005 20170803122502.0
008 030830b xx j 000 1 eng
040 |a UAHC_CL  |c UAHC_CL  |d UAHC_CL 
100 1 |a Caride Gómez, José Antonio 
245 1 3 |a La cultura como construcción social :  |b animación, desarrollo comunitario y patrimonio /  |c José Antonio Caride Gómez. 
521 |a Arte, Cultura y folclore I 
653 |a Antropología 
658 |a Seelenfreund, Andrea 
900 |a ANT 780 
942 |c BK 
952 |0 0  |1 0  |4 0  |6 ANT_780_000000000000000  |7 0  |8 General  |9 51090  |a BC  |b BC  |c General  |d 2017-08-03  |l 0  |o ANT 780  |p 1340117  |q 2017-06-28  |r 2017-08-03 00:00:00  |t 2  |w 2017-08-03  |y BK 
999 |c 25203  |d 25203